Sports Quiz

Random Sports or Basketball Quiz
Score 0/12 Timer 02:00
19 Plays Today
% Correct
Pau Gasol and Marc Gasol
90.6%
Stephen Curry and Seth Curry
89%
Brook Lopez and Robin Lopez
87.7%
Cody Zeller and Tyler Zeller
84.7%
Miles Plumlee and Mason Plumlee
83.5%
Marcus Morris and Markieff Morris
81.2%
Jeff Teague and Marquis Teague
70.5%
Ben Hansbrough and Tyler Hansbrough
67.4%
Jarron Collins and Jason Collins
52.7%
Brandon Rush and Kareem Rush
45.5%
Chris Smith and J.R. Smith
41.8%
Carl Landry and Marcus Landry
40.6%
Remove Ads.
Support Sporcle.
Get the best of Sporcle when you Go Orange. This ad-free experience offers more features, more stats, and more fun while also helping to support Sporcle. Thank you for becoming a member.

You're not logged in!

Compare scores with friends on all Sporcle quizzes.
OR
Log In

Show Comments

Extras

Top Quizzes Today


Score Distribution

Your Account Isn't Verified!

In order to create a playlist on Sporcle, you need to verify the email address you used during registration. Go to your Sporcle Settings to finish the process.

Report this User

Report this user for behavior that violates our Community Guidelines.

Details: